| 000 | 00511nam a2200181 i 4500 | ||
|---|---|---|---|
| 001 | 45475 | ||
| 003 | ES-MaACL | ||
| 005 | 20230906161226.0 | ||
| 007 | t| | ||
| 008 | 030326s1922 fr ||||1| fre d | ||
| 100 | 1 |
_aCohen, Elie. _939489 |
|
| 245 | 1 | 3 |
_aLa question juive devant le droit international public / _cElie Cohen. |
| 260 |
_aParis : _bVie Universitaire, _c1922. |
||
| 300 |
_a308 p. ; _c25 cm. |
||
| 650 | 0 | 4 |
_aSionismo. _917129 |
| 650 | 0 | 4 |
_aJudíos- _xCuestión. _913981 |
| 852 |
_aES-MaACL _jF-4798 |
||
| 999 |
_c45475 _d45475 |
||